00573nam a2200169 a 450000500170000000800410001702000180005805000170007610000160009324500620010926000370017130000230020865000180023165000210024999900190027095201140028920140412111340.0050419s19uu xx 00 eng d a0-671-70297-1 aERbIL8 1988 aBuller, Jon aI love you, good night /cby jon Buller and susan Schade. aNew York :bLittle Simon,c1988. a1 v. (unp.) ; ill. aLovexFiction aChildren stories c105103d105103 001040aELbELcERd2005-04-19eLib. Fundg50.00l0oER IL8 1988pE9417r2014-04-12 00:00:00w2014-04-12yBK